01356cam a22003377i 450000100090000000300090000900500170001800800410003502000300007604000430010608200170014910000590016624501490022525000190037426400480039326400100044130000530045133600260050433700280053033800270055850000290058550400520061465000540066665300240072065500240074470000370076870000340080594200120083999900170085195201500086817324256EG-ScBUE20250707085359.0120530t2013 enka f b 001 0 eng d a9780199608119 (paperback) aEG-ScBUEbengerdacEG-ScBUEdEG-ScBUE04a541222bATK1 aAtkins, P. W.q(Peter William),d1940-eauthor.93744210aElements of physical chemistry /cPeter Atkins, University of Oxford, Julio De Paula, Lewis & Clark College, David Smith, University of Bristol. aSixth edition. 1aOxford : bOxford University Press,c[2013] 4cc2013 axxiii, 591 pages :bcolor illustrations ;c27 cm 2rdacontentatextbtxt aunmediated2rdamediabn avolumebnc2rdacarrier aPrevious edition : 2009. aIncludes bibliographical references and index.  7aChemistry, Physical and theoretical.920072BUEsh bPPhrmcFebruary2015 vReading book9342321 aDe Paula, Julio,937443eauthor.1 aSmith, David,937444eauthor. 2ddccBB c18992d18964 00102ddc40708BaccahaMAINbMAINc1STd2015-02-17ePurchaseg323.00h21291l2o541 ATKp000037423r2025-07-15 00:00:00s2020-08-18v404.00yBB